|
|
|
|
| LEADER |
00000caa a2200000 c 4500 |
| 001 |
1794808426 |
| 003 |
DE-627 |
| 005 |
20220330141159.0 |
| 007 |
cr uuu---uuuuu |
| 008 |
220304s1990 xx |||||o 00| ||fre c |
| 035 |
|
|
|a (DE-627)1794808426
|
| 035 |
|
|
|a (DE-599)KXP1794808426
|
| 040 |
|
|
|a DE-627
|b ger
|c DE-627
|e rda
|
| 041 |
|
|
|a fre
|
| 084 |
|
|
|a 0
|2 ssgn
|
| 100 |
1 |
|
|e VerfasserIn
|0 (DE-588)1252846371
|0 (DE-627)1794632689
|4 aut
|a Pierre, Jacques
|d 1954-
|
| 109 |
|
|
|a Pierre, Jacques 1954-
|
| 245 |
1 |
2 |
|a L'herméneutique et sa matrice langagière
|b le cas de Mircea Eliade
|
| 264 |
|
1 |
|c 1990
|
| 336 |
|
|
|a Text
|b txt
|2 rdacontent
|
| 337 |
|
|
|a Computermedien
|b c
|2 rdamedia
|
| 338 |
|
|
|a Online-Ressource
|b cr
|2 rdacarrier
|
| 773 |
0 |
8 |
|i Enthalten in
|t Religiologiques
|d Montréal : Dép., 1990
|g 2(1990), Seite 97-110
|h Online-Ressource
|w (DE-627)306360748
|w (DE-600)1497190-2
|w (DE-576)081861265
|x 1180-0135
|7 nnas
|
| 773 |
1 |
8 |
|g volume:2
|g year:1990
|g pages:97-110
|
| 776 |
0 |
8 |
|i Erscheint auch als
|n Druck-Ausgabe
|a Pierre, Jacques, 1954 -
|t L'herméneutique et sa matrice langagière
|d 1990
|w (DE-627)1794677933
|k Non-Electronic
|
| 856 |
4 |
0 |
|u http://www.religiologiques.uqam.ca/no2/pierre.pdf
|x Verlag
|z kostenfrei
|3 Volltext
|7 0
|
| 935 |
|
|
|a mteo
|
| 951 |
|
|
|a AR
|
| ELC |
|
|
|a 1
|
| LOK |
|
|
|0 000 xxxxxcx a22 zn 4500
|
| LOK |
|
|
|0 001 4079469292
|
| LOK |
|
|
|0 003 DE-627
|
| LOK |
|
|
|0 004 1794808426
|
| LOK |
|
|
|0 005 20220304152353
|
| LOK |
|
|
|0 008 220304||||||||||||||||ger|||||||
|
| LOK |
|
|
|0 040
|a DE-Tue135
|c DE-627
|d DE-Tue135
|
| LOK |
|
|
|0 092
|o n
|
| LOK |
|
|
|0 852
|a DE-Tue135
|
| LOK |
|
|
|0 852 1
|9 00
|
| LOK |
|
|
|0 935
|a ixzs
|a rwrk
|
| LOK |
|
|
|0 939
|a 04-03-22
|b l01
|
| OAS |
|
|
|a 1
|
| ORI |
|
|
|a SA-MARC-ixtheoa001.raw
|
| REL |
|
|
|a 1
|
| SUB |
|
|
|a REL
|